[Event "NAYCC U16"]
[Site "Toronto CAN"]
[Date "2013.08.16"]
[Round "4"]
[White "Nasir, Zehn"]
[Black "Song, Terry"]
[Result "1-0"]
[WhiteElo "2089"]
[BlackElo "2171"]
[PlyCount "133"]
[GameId "2160767909292509"]
[EventDate "2013.08.14"]
[EventType "swiss"]
[EventRounds "9"]
[EventCountry "CAN"]
[SourceTitle "hb 2013"]

1. e4 c5 2. Nf3 d6 3. d4 cxd4 4. Nxd4 Nf6 5. Nc3 a6 6. h3 e5 7. Nde2 h5 8. Bg5 Nbd7 9. Nd5 Be7 10. Nxe7 Qxe7 11. Nc3 Nb6 12. Be2 h4 13. a4 Be6 14. Qd2 Rc8 15. Rd1 Rc6 16. O-O Qc7 17. f4 Rxc3 18. Qxc3 Qxc3 19. bxc3 Nxe4 20. Bf3 Nxg5 21. fxg5 Nc4 22. Bxb7 Ne3 23. Rxd6 Nxf1 24. Kxf1 Ke7 25. Rb6 Rb8 26. a5 Kd7 27. Bxa6 Rxb6 28. axb6 Kc6 29. b7 Kc7 30. Kf2 Bd5 31. g3 hxg3+ 32. Kxg3 Be4 33. h4 g6 34. Bc4 Kxb7 35. Bxf7 Kc6 36. h5 gxh5 37. g6 Bxc2 38. g7 Bh7 39. g8=Q Bxg8 40. Bxg8 Kc5 41. Kf3 Kc6 42. Bf7 Kc5 43. Ke3 h4 44. Kf3 Kd6 45. Kg4 Ke7 46. Bc4 Kf6 47. Bd3 Ke6 48. Kxh4 Kd5 49. Kg3 e4 50. Be2 Ke5 51. Kg4 Kd6 52. Kf4 Kd5 53. Kf5 e3 54. Kf4 Kd6 55. Kxe3 Ke5 56. c4 Kd6 57. Kd4 Kc6 58. Bf3+ Kd6 59. c5+ Kd7 60. Kd5 Kc7 61. c6 Kc8 62. Kd6 Kb8 63. c7+ Kc8 64. Bg4+ Kb7 65. c8=Q+ Ka7 66. Qc7+ Ka6 67. Be2# 1-0

[Event "NAYCC U16"]
[Site "Toronto CAN"]
[Date "2013.08.16"]
[Round "4"]
[White "Polavarapu, Satyaveer"]
[Black "Li, Robert"]
[Result "0-1"]
[WhiteElo "1186"]
[BlackElo "1847"]
[PlyCount "60"]
[GameId "2160767909292510"]
[EventDate "2013.08.14"]
[EventType "swiss"]
[EventRounds "9"]
[EventCountry "CAN"]
[SourceTitle "hb 2013"]

1. e4 e5 2. Nf3 Nc6 3. d4 exd4 4. Bc4 Nf6 5. e5 d5 6. Bb5 Ne4 7. O-O Bd7 8. Bxc6 bxc6 9. Nxd4 Be7 10. f3 Nc5 11. Nc3 O-O 12. b3 Ne6 13. Bb2 Bc5 14. Na4 Bxd4+ 15. Bxd4 Qg5 16. f4 Nxf4 17. Rxf4 Qxf4 18. Qd3 Bf5 19. Qc3 Bxc2 20. Rf1 Qe4 21. Nc5 Qg6 22. e6 fxe6 23. Rxf8+ Rxf8 24. Nd7 Be4 25. g3 Rf3 26. Ne5 Rxc3 27. Nxg6 Rc1+ 28. Kf2 Bxg6 29. Be3 Rc2+ 30. Ke1 Rxa2 0-1

[Event "NAYCC U16"]
[Site "Toronto CAN"]
[Date "2013.08.16"]
[Round "4"]
[White "Qian, Owen"]
[Black "Ding, Andrew"]
[Result "0-1"]
[WhiteElo "2025"]
[BlackElo "2228"]
[PlyCount "78"]
[GameId "2160767909292511"]
[EventDate "2013.08.14"]
[EventType "swiss"]
[EventRounds "9"]
[EventCountry "CAN"]
[SourceTitle "hb 2013"]

1. d4 Nf6 2. c4 g6 3. Nc3 Bg7 4. e4 O-O 5. Be2 d6 6. Nf3 e5 7. O-O Nc6 8. d5 Ne7 9. Ne1 Nd7 10. Be3 f5 11. f3 f4 12. Bf2 g5 13. c5 Nxc5 14. Rc1 Rf6 15. Nb5 a6 16. Nxc7 Qxc7 17. b4 b6 18. Nd3 Rg6 19. bxc5 bxc5 20. Nb2 Bd7 21. a4 Kh8 22. Nc4 Rg8 23. Rb1 Nc8 24. Qb3 g4 25. Kh1 g3 26. Bg1 Qd8 27. Rfc1 Qg5 28. Bf1 gxh2 29. Bf2 Bh3 30. g4 fxg3 31. Bxh3 gxf2 32. Bg4 h5 33. Ne3 Bh6 34. Kxh2 hxg4 35. Nxg4 Qh4+ 36. Kg2 Rxg4+ 37. fxg4 Rxg4+ 38. Kf1 Rg1+ 39. Ke2 Bxc1 0-1

[Event "NAYCC U16"]
[Site "Toronto CAN"]
[Date "2013.08.16"]
[Round "4"]
[White "Song, Edward"]
[Black "Xu, Grant"]
[Result "1/2-1/2"]
[WhiteElo "2311"]
[BlackElo "2284"]
[PlyCount "236"]
[GameId "2160767909292512"]
[EventDate "2013.08.14"]
[EventType "swiss"]
[EventRounds "9"]
[EventCountry "CAN"]
[SourceTitle "hb 2013"]

1. e4 d5 2. exd5 Qxd5 3. Nc3 Qa5 4. d4 Nf6 5. Nf3 Bf5 6. Bd2 c6 7. Bc4 e6 8. Nd5 Qd8 9. Nxf6+ gxf6 10. Bf4 Bd6 11. Bg3 Bg4 12. c3 Qc7 13. Be2 Bxf3 14. Bxf3 Nd7 15. Bh5 Bxg3 16. hxg3 Nf8 17. Qd2 O-O-O 18. O-O-O Ng6 19. Qe3 Qa5 20. Kb1 Qf5+ 21. Ka1 Kb8 22. Bf3 Qg5 23. Qxg5 fxg5 24. Rh5 h6 25. Kb1 Rh7 26. Kc2 Kc7 27. Rdh1 Rdh8 28. Be4 f5 29. Bd3 Kd6 30. b3 Ke7 31. Re1 Kf6 32. Rhh1 h5 33. Bc4 Re7 34. b4 g4 35. a4 h4 36. gxh4 Rxh4 37. Rxh4 Nxh4 38. g3 Nf3 39. Rh1 Ng5 40. Bd3 Rh7 41. Rxh7 Nxh7 42. Kd2 Ng5 43. Ke3 e5 44. c4 exd4+ 45. Kxd4 Ne6+ 46. Ke3 Ke5 47. a5 c5 48. b5 b6 49. axb6 axb6 50. Bb1 Ng5 51. Bd3 Ne4 52. Be2 Nd6 53. Bd3 Nb7 54. Bb1 Na5 55. Ba2 Nb7 56. Bb1 Nd8 57. Bd3 Ne6 58. Bc2 Nd4 59. Bd1 Ne6 60. Bc2 f4+ 61. gxf4+ Nxf4 62. Be4 Ne6 63. Bd5 Nd4 64. Bb7 Nf5+ 65. Kd3 Kf4 66. Bc6 Nd6 67. Bg2 Nf7 68. Bd5 Ne5+ 69. Kd2 Nf3+ 70. Kd3 Ng5 71. Bc6 Nh3 72. Ke2 Ng1+ 73. Kd3 Nf3 74. Bd5 Nd4 75. Bg2 Nf3 76. Bh1 Ne5+ 77. Kc3 Ng6 78. Kd3 Nh4 79. Bd5 Nf5 80. Bc6 Ng7 81. Bd5 Nh5 82. Bg2 Ke5 83. Ke3 Nf4 84. Bc6 Ne6 85. Bd5 Nd4 86. Bb7 Nc2+ 87. Kd3 Nd4 88. Ke3 Nf5+ 89. Kd3 g3 90. fxg3 Nxg3 91. Bd5 Nh5 92. Ke3 Nf6 93. Bf3 Ne8 94. Bd5 Nd6 95. Bg8 Nf5+ 96. Kd3 Kf4 97. Bd5 Ne3 98. Be6 Nd1 99. Bd5 Nf2+ 100. Ke2 Ng4 101. Kd3 Ne5+ 102. Ke2 Ng6 103. Kd3 Ke5 104. Ke3 Ne7 105. Be4 Nc8 106. Bd5 Nd6 107. Bg8 Nb7 108. Bd5 Na5 109. Bg8 Nb3 110. Bd5 Nc1 111. Bf3 Na2 112. Be4 Nc3 113. Bc2 Na2 114. Be4 Nb4 115. Bb1 Ke6 116. Ke4 Kf6 117. Kf4 Ke6 118. Ke4 Kf6 1/2-1/2

[Event "NAYCC U16"]
[Site "Toronto CAN"]
[Date "2013.08.16"]
[Round "4"]
[White "Sun, Mike"]
[Black "Jeyapragasan, Kuhan"]
[Result "0-1"]
[WhiteElo "2021"]
[BlackElo "1768"]
[PlyCount "81"]
[GameId "2160767909292513"]
[EventDate "2013.08.14"]
[EventType "swiss"]
[EventRounds "9"]
[EventCountry "CAN"]
[SourceTitle "hb 2013"]

1. e4 c5 2. c3 d5 3. exd5 Qxd5 4. d4 e6 5. Nf3 Nc6 6. Be3 b6 7. Bb5 Bb7 8. O-O O-O-O 9. Qb3 Nf6 10. dxc5 Bxc5 11. Qxd5 Rxd5 12. c4 Rh5 13. Bxc5 Rxc5 14. a3 Rd8 15. Nc3 Nd4 16. Nxd4 Rxd4 17. Rad1 Rxd1 18. Nxd1 a6 19. Ba4 Rxc4 20. Nc3 b5 21. Bb3 Rd4 22. Rc1 Kd7 23. Bc2 Kd6 24. Kf1 h6 25. Ne2 Rc4 26. Rd1+ Ke7 27. Bb3 Rc5 28. Nc3 Re5 29. Rc1 Kd6 30. Bc2 Bd5 31. Rd1 Kc7 32. h3 g5 33. b4 Kb6 34. Ra1 Bc4+ 35. Kg1 Nd5 36. Ne4 Kc6 37. g4 Nf4 38. Kh2 Bd3 39. Rc1 Ne2 40. Re1 Nd4 41. Rc1 0-1

[Event "NAYCC U16"]
[Site "Toronto CAN"]
[Date "2013.08.16"]
[Round "4"]
[White "Wang, Jalen"]
[Black "Velikanov, Alexander"]
[Result "0-1"]
[WhiteElo "2167"]
[BlackElo "2332"]
[PlyCount "116"]
[GameId "2160767909292514"]
[EventDate "2013.08.14"]
[EventType "swiss"]
[EventRounds "9"]
[EventCountry "CAN"]
[SourceTitle "hb 2013"]

1. e4 g6 2. g3 d5 3. e5 c5 4. c3 Nc6 5. d4 cxd4 6. cxd4 Qb6 7. Ne2 Bg4 8. Nbc3 Bf3 9. Rg1 e6 10. Bg2 Bxg2 11. Rxg2 Nge7 12. Na4 Qc7 13. Bg5 Bg7 14. Rc1 O-O 15. Bf6 Qa5+ 16. Kf1 Bxf6 17. exf6 Nf5 18. g4 Nd6 19. Nac3 Qd8 20. g5 Nf5 21. Qd2 Re8 22. f4 Qb6 23. Rd1 Rad8 24. Rg3 e5 25. fxe5 Nxe5 26. dxe5 d4 27. Rd3 Ne3+ 28. Rxe3 dxe3 29. Qc2 Rxe5 30. Rxd8+ Qxd8 31. Qd1 Rf5+ 32. Ke1 Qxd1+ 33. Nxd1 Rxg5 34. Nxe3 Rh5 35. Ng4 Rh4 36. Nf2 Rxh2 37. Kf1 Rh5 38. Kg2 Rg5+ 39. Ng3 h5 40. Nfe4 Rd5 41. Ne2 Kh7 42. N2c3 Rf5 43. Kg3 g5 44. Nd6 Rxf6 45. Nce4 Rf1 46. Nxg5+ Kg6 47. Nf3 Rb1 48. Nc4 b5 49. Nce5+ Kf6 50. Nd3 a5 51. b3 Ra1 52. Nf4 Rxa2 53. Nxh5+ Ke7 54. Nf4 Rb2 55. Nd4 a4 56. Nd5+ Kf8 57. Nc3 a3 58. Ndxb5 Rxb3 0-1

[Event "NAYCC U16"]
[Site "Toronto CAN"]
[Date "2013.08.16"]
[Round "4"]
[White "Wu, Stanley"]
[Black "Qian, Lanting"]
[Result "0-1"]
[WhiteElo "1797"]
[BlackElo "1518"]
[PlyCount "147"]
[GameId "2160767909292515"]
[EventDate "2013.08.14"]
[EventType "swiss"]
[EventRounds "9"]
[EventCountry "CAN"]
[SourceTitle "hb 2013"]

1. e4 c5 2. Nf3 d6 3. d4 cxd4 4. Nxd4 Nf6 5. Nc3 a6 6. Be3 Ng4 7. Bc1 Nf6 8. Be3 Ng4 9. Bc1 Nf6 10. Be3 e6 11. f3 Be7 12. Qd2 b5 13. Bd3 Bb7 14. g4 h6 15. O-O-O Nbd7 16. h4 Ne5 17. g5 Nxd3+ 18. Qxd3 Nd7 19. g6 Ne5 20. gxf7+ Kxf7 21. Qf1 Nc4 22. Bf2 e5 23. Nf5 g6 24. Ne3 Rc8 25. f4 Nxb2 26. Kxb2 Qa5 27. Ned5 b4 28. Nb1 Bxd5 29. Rxd5 Qa4 30. Qd3 exf4 31. Qb3 Bf6+ 32. Bd4 Qxb3+ 33. cxb3 Rc6 34. Rc1 Rxc1 35. Kxc1 Bxd4 36. Rxd4 Ke6 37. Rd5 f3 38. Kd1 Rf8 39. Nd2 Rf4 40. Rd3 Ke5 41. Rxf3 Rxf3 42. Nxf3+ Kxe4 43. Ke2 d5 44. Nd2+ Kd4 45. Nf3+ Kc3 46. Ne5 Kb2 47. Nd3+ Ka3 48. Ke3 g5 49. h5 a5 50. Ne5 Kxa2 51. Nf7 a4 52. bxa4 b3 53. Nd6 b2 54. Nb5 Kb3 55. Nd4+ Kxa4 56. Ne2 Kb3 57. Nd4+ Kc3 58. Ne2+ Kc2 59. Nd4+ Kd1 60. Nb5 Kc1 61. Nc3 b1=Q 62. Nxb1 Kxb1 63. Kd4 g4 64. Ke3 Kc2 65. Kf4 g3 66. Kxg3 d4 67. Kf4 d3 68. Kf5 d2 69. Kg6 d1=Q 70. Kxh6 Qd2+ 71. Kg6 Qg2+ 72. Kh7 Qe4+ 73. Kg7 Qg4+ 74. Kh6 0-1

[Event "NAYCC U16"]
[Site "Toronto CAN"]
[Date "2013.08.16"]
[Round "5"]
[White "Bao, Tony Bohan"]
[Black "Wang, Jalen"]
[Result "1/2-1/2"]
[WhiteElo "1895"]
[BlackElo "2167"]
[PlyCount "47"]
[GameId "2160767909292516"]
[EventDate "2013.08.14"]
[EventType "swiss"]
[EventRounds "9"]
[EventCountry "CAN"]
[SourceTitle "EXT 2022"]
[Source "ChessBase"]
[SourceDate "2021.10.06"]
[SourceVersion "1"]
[SourceVersionDate "2021.10.06"]
[SourceQuality "1"]

1. Nf3 a6 2. c4 b5 3. e3 bxc4 4. Bxc4 e6 5. O-O Nf6 6. Nc3 Be7 7. d4 O-O 8. a3 Bb7 9. Re1 c5 10. d5 exd5 11. Nxd5 Nc6 12. e4 Nxd5 13. Bxd5 d6 14. Bd2 Bf6 15. Qc1 Rb8 16. Bc3 Re8 17. Rb1 Nd4 18. Bxd4 cxd4 19. Bxb7 Rxb7 20. Qc6 Rb6 21. Qd5 Rb5 22. Qc6 Rb6 23. Qd5 Rb5 24. Qc6 1/2-1/2

[Event "NAYCC U16"]
[Site "Toronto CAN"]
[Date "2013.08.16"]
[Round "5"]
[White "Fu, James"]
[Black "Song, Edward"]
[Result "1/2-1/2"]
[WhiteElo "2233"]
[BlackElo "2311"]
[PlyCount "48"]
[GameId "2160767909292517"]
[EventDate "2013.08.14"]
[EventType "swiss"]
[EventRounds "9"]
[EventCountry "CAN"]
[SourceTitle "EXT 2022"]
[Source "ChessBase"]
[SourceDate "2021.10.06"]
[SourceVersion "1"]
[SourceVersionDate "2021.10.06"]
[SourceQuality "1"]

1. d4 d5 2. Nf3 Nf6 3. g3 c6 4. Bg2 Bg4 5. Ne5 Bh5 6. O-O Nbd7 7. Nxd7 Qxd7 8. Nd2 e6 9. c3 Bd6 10. Re1 O-O 11. Qb3 Bg6 12. e4 dxe4 13. Nxe4 Nxe4 14. Bxe4 Bxe4 15. Rxe4 Rfe8 16. Bd2 Bf8 17. Rae1 b5 18. Qc2 a6 19. Bf4 c5 20. dxc5 Bxc5 21. Be3 Bxe3 22. R1xe3 Red8 23. Rd4 Qc7 24. Red3 Rxd4 1/2-1/2

[Event "NAYCC U16"]
[Site "Toronto CAN"]
[Date "2013.08.16"]
[Round "5"]
[White "Li, Robert"]
[Black "Mattekatt, Joe"]
[Result "1/2-1/2"]
[WhiteElo "1847"]
[BlackElo "871"]
[PlyCount "116"]
[GameId "2160767909292518"]
[EventDate "2013.08.14"]
[EventType "swiss"]
[EventRounds "9"]
[EventCountry "CAN"]
[SourceTitle "EXT 2022"]
[Source "ChessBase"]
[SourceDate "2021.10.06"]
[SourceVersion "1"]
[SourceVersionDate "2021.10.06"]
[SourceQuality "1"]

1. e4 e5 2. Nf3 Nc6 3. Bc4 d6 4. h3 h6 5. O-O Nf6 6. Nc3 Be7 7. d3 O-O 8. Nh2 Na5 9. Bb3 Nxb3 10. axb3 d5 11. Re1 dxe4 12. Nxe4 Nxe4 13. Rxe4 Bd6 14. Qh5 f5 15. Rea4 a6 16. Bxh6 Qf6 17. Bg5 Qf7 18. Qxf7+ Rxf7 19. f4 b5 20. R4a2 e4 21. dxe4 fxe4 22. Re1 Bb7 23. g3 Re8 24. Re2 Bc5+ 25. Kf1 Re5 26. Ke1 Re6 27. Nf3 Bd6 28. Bh4 Be7 29. Bxe7 Rfxe7 30. Ng5 Rd6 31. Ra1 c5 32. Rd1 Rxd1+ 33. Kxd1 e3 34. c3 Bd5 35. Kc2 a5 36. Kd3 Bxb3 37. Rxe3 Rxe3+ 38. Kxe3 g6 39. Ne4 Be6 40. Nxc5 Bxh3 41. Nb7 a4 42. Kd4 Kg7 43. Kc5 Bf1 44. Nd6 Kf6 45. Nxb5 Kf5 46. Nd4+ Kg4 47. Kb4 Kxg3 48. Ne6 Bh3 49. Nf8 Bf5 50. Kxa4 Kxf4 51. Nxg6+ Bxg6 52. b4 Ke5 53. Kb5 Bd3+ 54. Kc5 Ke6 55. Kb6 Kd7 56. b5 Kc8 57. Kc5 Kc7 58. Kd4 Bxb5 1/2-1/2

[Event "NAYCC U16"]
[Site "Toronto CAN"]
[Date "2013.08.16"]
[Round "5"]
[White "Lin, Tony (Juntao)"]
[Black "Karamsetty, Jeevan"]
[Result "1-0"]
[WhiteElo "2204"]
[BlackElo "2196"]
[PlyCount "81"]
[GameId "2160767909292519"]
[EventDate "2013.08.14"]
[EventType "swiss"]
[EventRounds "9"]
[EventCountry "CAN"]

1. d4 d5 2. c4 c6 3. Nf3 Nf6 4. Qc2 g6 5. Bf4 Bg7 6. e3 O-O 7. Nc3 Nbd7 8. h3 dxc4 9. Bxc4 Nb6 10. Bb3 Nbd5 11. Bh2 Nxc3 12. bxc3 Bf5 13. Qe2 Qa5 14. Rc1 Qa3 15. O-O Qa5 16. Ne5 Rad8 17. Kh1 Bc8 18. Rfd1 Nd7 19. Nf3 Qh5 20. Ng1 Qxe2 21. Nxe2 e5 22. a4 b6 23. Bc4 Rfe8 24. Ng1 Bb7 25. Nf3 h6 26. dxe5 Nc5 27. Nh4 Kf8 28. f4 Nxa4 29. Rxd8 Rxd8 30. Ra1 Nxc3 31. Rxa7 Rd7 32. e6 fxe6 33. Bxe6 Rd1+ 34. Bg1 Ne2 35. Kh2 Nxg1 36. Nxg6+ Ke8 37. Rxb7 Bf6 38. Rf7 Be7 39. Rxe7+ Kd8 40. f5 Ne2 41. f6 1-0

[Event "NAYCC U16"]
[Site "Toronto CAN"]
[Date "2013.08.16"]
[Round "5"]
[White "Qian, Lanting"]
[Black "Jeyapragasan, Kuhan"]
[Result "1-0"]
[WhiteElo "1518"]
[BlackElo "1768"]
[PlyCount "48"]
[GameId "2160767909292520"]
[EventDate "2013.08.14"]
[EventType "swiss"]
[EventRounds "9"]
[EventCountry "CAN"]
[SourceTitle "EXT 2022"]
[Source "ChessBase"]
[SourceDate "2021.10.06"]
[SourceVersion "1"]
[SourceVersionDate "2021.10.06"]
[SourceQuality "1"]

1. d4 d5 2. c4 c6 3. Nf3 Nf6 4. Nc3 e6 5. Bg5 Nbd7 6. e3 Qa5 7. Nd2 Bb4 8. Qc2 dxc4 9. Bxf6 Nxf6 10. Nxc4 Qc7 11. Bd3 O-O 12. O-O Nd5 13. Bxh7+ Kh8 14. Bd3 g6 15. Ne5 Kg7 16. Ne2 Bd6 17. Nf3 Nb4 18. Qc3 Nxd3 19. Qxd3 f5 20. e4 e5 21. dxe5 Bxe5 22. Nxe5 Qxe5 23. exf5 Qxb2 24. fxg6 Rf6 1-0

[Event "NAYCC U16"]
[Site "Toronto CAN"]
[Date "2013.08.16"]
[Round "5"]
[White "Song, Terry"]
[Black "Qian, Owen"]
[Result "1/2-1/2"]
[WhiteElo "2171"]
[BlackElo "2025"]
[PlyCount "70"]
[GameId "2160767909292521"]
[EventDate "2013.08.14"]
[EventType "swiss"]
[EventRounds "9"]
[EventCountry "CAN"]
[SourceTitle "EXT 2022"]
[Source "ChessBase"]
[SourceDate "2021.10.06"]
[SourceVersion "1"]
[SourceVersionDate "2021.10.06"]
[SourceQuality "1"]

1. e4 e6 2. d4 d5 3. Nc3 Bb4 4. exd5 exd5 5. Bd3 Nc6 6. a3 Bxc3+ 7. bxc3 Nge7 8. Qh5 Be6 9. Rb1 b6 10. Ne2 Qd7 11. Ng3 O-O-O 12. O-O Kb8 13. a4 f6 14. Qe2 Nc8 15. Ba3 Nd6 16. Bxd6 Qxd6 17. Nf5 Bxf5 18. Bxf5 Ne7 19. Bd3 a5 20. Rfe1 Nc8 21. Qg4 Qd7 22. Bf5 Qf7 23. Qg3 Rde8 24. Rxe8 Rxe8 25. Bxh7 Qe7 26. Bd3 Nd6 27. f3 Kb7 28. Kf1 Qd7 29. Bb5 Nxb5 30. Rxb5 Qe6 31. Qf2 Qc6 32. Qd2 Qc4+ 33. Kf2 c6 34. Rb1 Qxa4 35. Qc1 Qc4 1/2-1/2

[Event "NAYCC U16"]
[Site "Toronto CAN"]
[Date "2013.08.16"]
[Round "5"]
[White "Sun, Mike"]
[Black "Polavarapu, Satyaveer"]
[Result "1-0"]
[WhiteElo "2021"]
[BlackElo "1186"]
[PlyCount "83"]
[GameId "2160767909292522"]
[EventDate "2013.08.14"]
[EventType "swiss"]
[EventRounds "9"]
[EventCountry "CAN"]
[SourceTitle "EXT 2022"]
[Source "ChessBase"]
[SourceDate "2021.10.06"]
[SourceVersion "1"]
[SourceVersionDate "2021.10.06"]
[SourceQuality "1"]

1. e4 e5 2. Nf3 Nc6 3. Bb5 a6 4. Ba4 b5 5. Bb3 Nf6 6. d3 d5 7. exd5 Nxd5 8. h3 Bb4+ 9. c3 Ba5 10. Bg5 f6 11. Bh4 Nf4 12. O-O Nxd3 13. Qe2 Nf4 14. Qe4 Bb7 15. Nxe5 Qd6 16. Nf7+ Qe7 17. Qxf4 Rf8 18. Nd2 Rxf7 19. Bxf7+ Kxf7 20. Qe4 Qxe4 21. Nxe4 Ne5 22. Nc5 Bd5 23. Rfd1 Rd8 24. Nxa6 c6 25. Bg3 Nc4 26. b4 Bb6 27. Bc7 Bxc7 28. Nxc7 Nb2 29. Rd4 Na4 30. Nxd5 cxd5 31. Rc1 Rc8 32. Rxd5 Nxc3 33. Kf1 Nxd5 34. Rxc8 Nxb4 35. Rc7+ Kg8 36. a3 Nd5 37. Rc5 Nb6 38. Rxb5 Nc4 39. a4 g5 40. a5 Nd6 41. Rb8+ Kg7 42. a6 1-0

[Event "NAYCC U16"]
[Site "Toronto CAN"]
[Date "2013.08.16"]
[Round "5"]
[White "Thanabalachandran, Kajan"]
[Black "Wu, Stanley"]
[Result "1/2-1/2"]
[WhiteElo "1823"]
[BlackElo "1797"]
[PlyCount "93"]
[GameId "2160767909292523"]
[EventDate "2013.08.14"]
[EventType "swiss"]
[EventRounds "9"]
[EventCountry "CAN"]
[SourceTitle "EXT 2022"]
[Source "ChessBase"]
[SourceDate "2021.10.06"]
[SourceVersion "1"]
[SourceVersionDate "2021.10.06"]
[SourceQuality "1"]

1. e4 c6 2. d4 d5 3. Nc3 dxe4 4. Nxe4 Bf5 5. Ng3 Bg6 6. Nf3 Nd7 7. Bd3 Bxd3 8. Qxd3 e6 9. O-O Ngf6 10. Re1 Be7 11. Bf4 O-O 12. Qb3 Qb6 13. Qxb6 Nxb6 14. Rad1 Nbd5 15. Bd2 Nb4 16. c3 Nd3 17. Rf1 Nxb2 18. Rb1 Nc4 19. Rxb7 Bd6 20. Rfb1 Nd5 21. Ne4 Bc7 22. Be1 Bb6 23. Nfd2 Nxd2 24. Bxd2 Rab8 25. Rxb8 Rxb8 26. c4 Ne7 27. c5 Bc7 28. Rxb8+ Bxb8 29. Nd6 Kf8 30. Nc4 Nf5 31. Be3 Ke7 32. h3 e5 33. dxe5 Nxe3 34. fxe3 Ke6 35. Nd6 Kxe5 36. Nxf7+ Kd5 37. Kf2 Kxc5 38. Ke2 Kc4 39. Kd2 Bc7 40. Ng5 h6 41. Ne6 Be5 42. Nd8 Kd5 43. Kd3 Bf6 44. e4+ Kc5 45. Nb7+ Kb4 46. Nd6 c5 47. Nc4 1/2-1/2

[Event "NAYCC U16"]
[Site "Toronto CAN"]
[Date "2013.08.16"]
[Round "5"]
[White "Velikanov, Alexander"]
[Black "Ding, Andrew"]
[Result "1-0"]
[WhiteElo "2332"]
[BlackElo "2228"]
[PlyCount "59"]
[GameId "2160767909292524"]
[EventDate "2013.08.14"]
[EventType "swiss"]
[EventRounds "9"]
[EventCountry "CAN"]
[SourceTitle "EXT 2022"]
[Source "ChessBase"]
[SourceDate "2021.10.06"]
[SourceVersion "1"]
[SourceVersionDate "2021.10.06"]
[SourceQuality "1"]

1. d4 Nf6 2. c4 g6 3. Nf3 Bg7 4. g3 d6 5. Bg2 O-O 6. O-O Nc6 7. Nc3 a6 8. Re1 Rb8 9. Rb1 Na5 10. Qd3 c5 11. dxc5 dxc5 12. Qxd8 Rxd8 13. Bf4 Bf5 14. e4 Bd7 15. Bxb8 Rxb8 16. e5 Ng4 17. h3 Nh6 18. b3 Bc6 19. Ng5 Bxg2 20. Kxg2 Nf5 21. f4 Nc6 22. Nf3 h5 23. Ne4 b6 24. Rbd1 Nfd4 25. Nxd4 Nxd4 26. Ng5 Kf8 27. Nf3 Ne6 28. Rd7 Ke8 29. Ra7 a5 30. Rd1 1-0

[Event "NAYCC U16"]
[Site "Toronto CAN"]
[Date "2013.08.16"]
[Round "5"]
[White "Xu, Grant"]
[Black "Nasir, Zehn"]
[Result "1-0"]
[WhiteElo "2284"]
[BlackElo "2089"]
[PlyCount "52"]
[GameId "2160767909292525"]
[EventDate "2013.08.14"]
[EventType "swiss"]
[EventRounds "9"]
[EventCountry "CAN"]
[SourceTitle "EXT 2022"]
[Source "ChessBase"]
[SourceDate "2021.10.06"]
[SourceVersion "1"]
[SourceVersionDate "2021.10.06"]
[SourceQuality "1"]

1. e4 c6 2. d4 d5 3. Nc3 dxe4 4. Nxe4 Bf5 5. Ng3 Bg6 6. h4 h6 7. Nf3 Nd7 8. h5 Bh7 9. Bd3 Bxd3 10. Qxd3 e6 11. Bf4 Ngf6 12. O-O-O Be7 13. c4 Qa5 14. Kb1 O-O 15. Bd2 Bb4 16. Bxb4 Qxb4 17. Ne5 Rfd8 18. f4 c5 19. a3 Qa5 20. d5 exd5 21. Nxf7 Kxf7 22. Qg6+ Kf8 23. Nf5 Ne8 24. Rhe1 Ndf6 25. Re7 Kg8 26. Rxg7+ Kh8 1-0

[Event "NAYCC U16"]
[Site "Toronto CAN"]
[Date "2013.08.17"]
[Round "6"]
[White "Ding, Andrew"]
[Black "Fu, James"]
[Result "0-1"]
[WhiteElo "2228"]
[BlackElo "2233"]
[PlyCount "56"]
[GameId "2160767909292526"]
[EventDate "2013.08.14"]
[EventType "swiss"]
[EventRounds "9"]
[EventCountry "CAN"]
[SourceTitle "EXT 2022"]
[Source "ChessBase"]
[SourceDate "2021.10.06"]
[SourceVersion "1"]
[SourceVersionDate "2021.10.06"]
[SourceQuality "1"]

1. d4 Nf6 2. c4 e6 3. Nc3 d5 4. Bg5 Be7 5. e3 O-O 6. Nf3 Nbd7 7. Bd3 dxc4 8. Bxc4 b6 9. O-O Bb7 10. Qe2 Ne4 11. Bxe7 Qxe7 12. Bd3 Ndf6 13. Ne5 Nxc3 14. bxc3 c5 15. Rac1 Rfd8 16. f4 g6 17. Rfd1 Rac8 18. Bb1 Nd5 19. c4 Nf6 20. Bc2 cxd4 21. exd4 Qa3 22. Bb3 Rxd4 23. Rxd4 Qxc1+ 24. Kf2 Qh1 25. Kg3 Nh5+ 26. Kh3 Qg1 27. Qd2 Bxg2+ 28. Kh4 Qxh2+ 0-1

[Event "NAYCC U16"]
[Site "Toronto CAN"]
[Date "2013.08.17"]
[Round "6"]
[White "Jeyapragasan, Kuhan"]
[Black "Mattekatt, Joe"]
[Result "1-0"]
[WhiteElo "1768"]
[BlackElo "871"]
[PlyCount "115"]
[GameId "2160767909292527"]
[EventDate "2013.08.14"]
[EventType "swiss"]
[EventRounds "9"]
[EventCountry "CAN"]
[SourceTitle "EXT 2022"]
[Source "ChessBase"]
[SourceDate "2021.10.06"]
[SourceVersion "1"]
[SourceVersionDate "2021.10.06"]
[SourceQuality "1"]

1. d4 d5 2. Nf3 Nc6 3. e3 Nf6 4. b3 Bf5 5. Bd3 Bxd3 6. Qxd3 e6 7. a3 Bd6 8. Bb2 O-O 9. Ne5 Bxe5 10. dxe5 Ng4 11. f4 Qh4+ 12. g3 Qh3 13. Qe2 Ne7 14. Nd2 Nf5 15. Nf1 f6 16. exf6 Nxf6 17. O-O-O Qg4 18. Qg2 Nh4 19. Qg1 Nf3 20. Qf2 Ne4 21. Qe2 Ne5 22. Qe1 Nf3 23. h3 Nxe1 24. hxg4 Nf2 25. Rxe1 Nxh1 26. Re2 g5 27. Be5 c6 28. Rh2 Nxg3 29. Nxg3 gxf4 30. exf4 Rf7 31. Rh6 Raf8 32. Rxe6 Rxf4 33. Bxf4 Rxf4 34. Nf5 Kf7 35. Re7+ Kg6 36. Rg7+ Kf6 37. Rxh7 Rxg4 38. Ne3 Rg7 39. Rxg7 Kxg7 40. Nf5+ Kf6 41. Nd6 b5 42. Nc8 a6 43. Nd6 Ke6 44. Nb7 Ke5 45. Nc5 a5 46. Nb7 a4 47. bxa4 bxa4 48. Nc5 Kd4 49. Nxa4 Kc4 50. Kb2 d4 51. Nb6+ Kb5 52. Nd7 Kc4 53. Nf6 c5 54. Ne4 Kb5 55. Nd2 c4 56. c3 d3 57. Ka2 Kc5 58. a4 1-0

[Event "NAYCC U16"]
[Site "Toronto CAN"]
[Date "2013.08.17"]
[Round "6"]
[White "Karamsetty, Jeevan"]
[Black "Qian, Lanting"]
[Result "1-0"]
[WhiteElo "2196"]
[BlackElo "1518"]
[PlyCount "49"]
[GameId "2160767909292528"]
[EventDate "2013.08.14"]
[EventType "swiss"]
[EventRounds "9"]
[EventCountry "CAN"]
[SourceTitle "EXT 2022"]
[Source "ChessBase"]
[SourceDate "2021.10.06"]
[SourceVersion "1"]
[SourceVersionDate "2021.10.06"]
[SourceQuality "1"]

1. e4 c5 2. Nf3 d6 3. d4 cxd4 4. Nxd4 Nf6 5. Nc3 g6 6. Be3 Bg7 7. Be2 a6 8. a4 Bd7 9. O-O Nc6 10. Kh1 Nxd4 11. Bxd4 e5 12. Be3 Qc7 13. f4 O-O 14. fxe5 dxe5 15. Bg5 Ne8 16. Be7 Bc6 17. Bxf8 Bxf8 18. Bc4 Nd6 19. Bb3 Kh8 20. Qe2 f5 21. Nd5 Qg7 22. exf5 Nxf5 23. c3 Bd6 24. Ne3 Nh4 25. Bd5 1-0